My sister has a new computer. (Record no. 113015)
[ view plain ]
| 000 -LEADER | |
|---|---|
| fixed length control field | 00324nam a2200133 a 4500 |
| 005 - DATE AND TIME OF LATEST TRANSACTION | |
| control field | 20140414131959.0 |
| 008 - FIXED-LENGTH DATA ELEMENTS--GENERAL INFORMATION | |
| fixed length control field | 110214s19uu xx 00 eng d |
| 050 ## - LIBRARY OF CONGRESS CALL NUMBER | |
| Classification number | FIC |
| Item number | P22 2007 |
| 100 ## - MAIN ENTRY--PERSONAL NAME | |
| Personal name | Parker, David |
| 245 ## - TITLE STATEMENT | |
| Title | My sister has a new computer. |
| 440 ## - SERIES STATEMENT/ADDED ENTRY--TITLE | |
| Title | First chapter book |
| Withdrawn status | Lost status | Damaged status | Home library | Current library | Shelving location | Date acquired | Total Checkouts | Full call number | Barcode | Date last seen | Price effective from | Koha item type |
|---|---|---|---|---|---|---|---|---|---|---|---|---|
| Munich Library | Munich Library | Fiction Section | 02/14/2011 | FIC P22 2007 | M4479 | 04/14/2014 | 04/14/2014 | Books | ||||
| Munich Library | Munich Library | Fiction Section | 02/14/2011 | FIC P22 2007 | M4480 | 04/14/2014 | 04/14/2014 | Books |